Estatísticas para Países que reconhecem o genocídio armênio

Clique aqui para jogar o quiz

Estatísticas Gerais

  • Esse quiz foi jogado 49 vezes
  • A pontuação média é 20 de 28

Estatísticas das Respostas

ContinentePaís% Correto
AméricasBrasil
95%
AméricasEstados Unidos
95%
EuropaAlemanha
90%
AméricasArgentina
90%
EuropaFrança
90%
AméricasCanadá
88%
EuropaItália
85%
EuropaRússia
80%
EuropaSuíça
80%
EuropaSuécia
78%
EuropaChile
76%
EuropaPolônia
76%
AméricasUruguai
76%
EuropaÁustria
73%
AméricasBolívia
73%
EuropaGrécia
73%
AméricasVenezuela
73%
EuropaBélgica
71%
EuropaEslováquia
66%
EuropaPaíses Baixos
66%
EuropaDinamarca
63%
AméricasParaguai
63%
EuropaLituânia
59%
EuropaVaticano
56%
EuropaRepública Tcheca
54%
EuropaLuxemburgo
51%
EuropaChipre
44%
ÁsiaLíbano
20%

Distribuição das Pontuações

Percentil de Números Respondidos

Porcentagem de Pessoas com Cada Pontuação

Sua Pontuação Histórica

Você não jogou esse quiz